[Event "Ideal Clave op"]
[Site "Barcelona"]
[Date "1997.10.04"]
[Round "2"]
[White "Catalan Maza, Manel"]
[Black "Burgueno Del Viejo, Joan Carles"]
[Result "1-0"]
[WhiteElo "1810"]
[BlackElo "1890"]
[PlyCount "39"]
[EventDate "1997.09.??"]
[EventType "swiss"]
[EventRounds "9"]
[EventCountry "ESP"]
[SourceTitle "EXT 2003"]
[Source "ChessBase"]
[SourceDate "2002.11.25"]
[SourceVersion "1"]
[SourceVersionDate "2002.11.25"]
[SourceQuality "1"]

1. e4 e5 2. Nf3 Nc6 3. Bb5 Nf6 4. 0-0 Bc5 5. d3 0-0 6. Bg5 h6 7. Bh4 d6 8. c3 a6 9. Ba4 b5 10. Bb3 g5 11. Bg3 Bg4 12. h3 Bh5 13. Nbd2 b4 14. Qc1 bxc3 15. bxc3 g4 16. hxg4 Bxg4 17. Bh4 Ne7 18. Bxf6 Re8 19. Nc4 Bxf3 20. Qxh6 1-0